000 01366nam a2200313 i 4500
003 DO-SdBNP
005 20250530153346.0
007 ta
008 230502e2009 dr ac||gr|||| 000 ebspa d
040 _aDO-SdBNP
_bspa
_cBNPHU
_erda
041 _aspa
082 4 _axxx
_bD812P
_222
100 _aPichardo Cruz, Daniel Nicanor,
_eautor
_4aut.
_973458
245 1 0 _aJuan Pablo Duarte, fundador de la República. Prócer de América /
_cDaniel Nicanor Pichardo Cruz ; presentación, Abelardo Jiménez Lambertus
250 _aPrimera edición
264 1 _aSanto Domingo :
_bEditorial Alfa Beta,
_c2009.
300 _a24 páginas :
_bilustraciones, retratos ;
_c21 cm
336 _atexto
_btxt
_2rdaconten
337 _asin medición
_bn
_2rdamedia
338 _avolumen
_bnc
_2rdacarrier
490 _aCartilla Duartiana :
490 _aLectura de la Patria ;
_v6
500 _aIncluye referencias bibliográficas y notas al pie de las páginas.
500 _aBusto de Juan Pablo Duarte, por Abelardo Rodríguez Urdaneta, en la Galería de Próceres del Palacio de la Unión Panamericana de Whashington 6 de julio de 1913. tomado del libro la faz de Duarte de Julio Portillo.
590 _aInventariado 2023 / MF
700 1 _921571
_aJiménez Lambertus, Abelardo,
_epresentación
830 _aCartilla Duartiana
_n6
_pLectura de la Patria
_987929
942 _2ddc
_cLF2
999 _c53386
_d53386